| 000 | 00734nam a22002777a 4500 | ||
|---|---|---|---|
| 008 | 240821b mp ||||| |||| 00| 0 mon d | ||
| 020 | _a978-99978-1-873-7 | ||
| 035 | _a7737 | ||
| 040 |
_aDXO45059 _bmon _cMN-UlNLM _dMN-UlNLM _erda |
||
| 041 | _amon | ||
| 082 |
_210-t _a894.23.3 _bТ- 587 |
||
| 100 | _aТөмөр хатан | ||
| 245 | 0 | _aТөмөр хатан | |
| 245 | 0 | _bроман | |
| 245 | 0 | _c0 | |
| 250 | _a1 | ||
| 264 |
_aУлаанбаатар _c2017 |
||
| 300 | _a146х. | ||
| 336 |
_2rdacontent _atext _btxt |
||
| 337 |
_2rdamedia _aunmediated _bn |
||
| 338 |
_2rdacarrier _avolume _bnc |
||
| 505 | _tТөмөр хатан; 0; 0; 0; 0 | ||
| 650 | _a11147 | ||
| 942 |
_210-t _cBK |
||
| 999 |
_c1133034 _d1133091 |
||